000 00807nam a2200229Ia 4500
008 130821s2006 ck a gr spa
020 _a9586704823
040 _aCo-BoUCM
_bspa
041 0 0 _aspa
060 0 0 _aWS 310
100 1 _aVelasco Benítez, Carlos Alberto
_989032
245 1 0 _aCasos pediátricos en soporte nutricional
_cCarlos Alberto Velasco Benítez
260 _aCali (Valle, Colombia)
_bPrograma Editorial Universidad del Valle
_c2006
300 _a99 páginas
_bcuadros
490 0 _aColección Ciencias Físicas, Exactas y Naturales.
504 _aIncluye bibliografía.
650 0 4 _aDesnutrición infantil
_913055
650 0 4 _aDiarrea infantil
_913198
650 0 4 _aNutrición
_xNiños
_989034
650 0 4 _aPediatría
_921221
942 _cLIBRO
_a15
_e1
_mV433
_2NLM
_hWS 310
_n0
999 _c54707
_d54707